00562cam a22002054a 450000500170000002000300001704000330004708200180008010000240009824500480012225000120017026000380018230000280022050400200024854600090026865000130027765000260029065000160031670000240033220251007061818.0 a9966530882cTZS 64,000 /= aMCCLbeng.eAACR 2nd rev.ed. a343.41096 MAR aBakibinga, David J.10aRevenue law in Ugandac/ David J. Bakibinga a2nd ed. aNairobi :bLaw Africa. ;cc 2019. alxii, 286 p. :c21 cm. aIncludes index. aeng. 0aTaxation 0aAdministration of Tax 0aTax appeals aBakibinga, David J.